000 00512nam a22001817a 4500
003 OSt
005 20180403093603.0
008 150224b xxu||||| |||| 00| 0 eng d
020 _a0-521-77533-7
040 _cBCRI
_aBCRI
082 _a823
100 _936642
_aHancock, Penny‏
245 1 3 _aJust Good Friends
_cPenny Hancock
260 _aNew York [etc.]
_bcambridge
_c1999
300 _a64 p.
_c19.5cm
650 0 _911162
_aNovela inglesa
_vLibros de texto para extranjeros
942 _2ddc
_cBK
_hprozim
999 _c22797
_d22797